| 000 | 00624nam a2200193Ia 4500 | ||
|---|---|---|---|
| 003 | GCL | ||
| 008 | 140319s9999 xx 000 0 ara d | ||
| 040 |
_aGCL / _cGCL |
||
| 082 | 0 | 4 |
_a792.09 _bس م |
| 100 | 1 | _aسعد اردش | |
| 245 | 1 | 0 |
_aالمخرج فى المسرح المعاصر (عالم المعرفة 19) / _cسعد اردش |
| 260 |
_aالقاهرة : _bالهيئة المصرية العامة للكتاب ، _c1998 |
||
| 300 |
_a394 ص ؛ _c20 سم |
||
| 650 | 0 | 4 | _aالمسرح |
| 650 | 0 | 4 | _aالمسرحيات |
| 650 | 0 | 4 | _aالمسرح العربى |
| 650 | 0 | 4 | _aالمسرح - نقد |
| 942 |
_2ddc _cBK |
||
| 999 |
_c908 _d908 |
||